000 00330nam a22001337a 4500
999 _c160892
_d160892
082 _a
_b
100 _aElisee Reclus
245 _aWorld encyclopedia of nations and nationalities (v.16)(p.1)/
_cby Elisee Reclus.
260 _aNew Delhi:
_bDiscovery,
_c1992.
300 _a495.00
650 _a
700 _a
942 _cBK